| 000 | 00399nam a22001457a 4500 | ||
|---|---|---|---|
| 005 | 20251108174911.0 | ||
| 008 | 250721s9999 xx 000 0 ara d | ||
| 082 | 1 | 4 | _a306.00962/مشع |
| 100 | 1 |
_aمشعل، جمال _eمؤلف |
|
| 245 | 1 | 0 | _aموسوعة أوائل مصر / |
| 264 | 1 |
_aمصر : _bمكتبة جزيرة الورد، |
|
| 300 | _a145ص. | ||
| 942 |
_2ddc _cBK |
||
| 999 |
_c121024 _d121024 |
||